000 00898nam a22003017a 4500
001 BR2014006150
003 BR-BrBNA
005 20230928104511.0
007 ta
008 230509b bl.||||| |||| 00| 0 por d
040 _aBR-BrBNA
_bpor
_cBiblioteca Nacional de Agricultura
041 _a(Eng, Por)
072 _aE14
090 _ E14 BR2014006150
110 1 _aAssociação Nacional de Defesa Vegetal, São Paulo, SP (Brasil)
110 1 _aAssociação Brasileira do Agronegócio, São Paulo, SP (Brasil)
_9879
245 1 _a5. Fórum inovação agricultura e alimentos para o futuro sustentável
260 3 _aSão Paulo, SP (Brasil):
_c2013.
300 _a68 p.
500 _a50 illus
650 _aINOVAÇÃO
650 _aAGRICULTURA
650 _aTECNOLOGIA
650 _aMEIO AMBIENTE
650 _aCOMUNICAÇÃO
909 _a202309
_bLucia
_c55
_dLucia Elande
942 _cBK
999 _c80262
_d80262